Street law : (Record no. 1132)

MARC details
000 -LEADER
fixed length control field 01403cam a2200409 a 4500
005 - DATE AND TIME OF LATEST TRANSACTION
control field 20260322212048.0
008 - FIXED-LENGTH DATA ELEMENTS--GENERAL INFORMATION
fixed length control field data
010 ## - LIBRARY OF CONGRESS CONTROL NUMBER
LC control number 93044422
020 ## - INTERNATIONAL STANDARD BOOK NUMBER
International Standard Book Number 0314027130 (hard : acidfree paper)
020 ## - INTERNATIONAL STANDARD BOOK NUMBER
International Standard Book Number 0314029354 (soft)
020 ## - INTERNATIONAL STANDARD BOOK NUMBER
International Standard Book Number 978-0314027139 (hard : acid-free paper)
020 ## - INTERNATIONAL STANDARD BOOK NUMBER
International Standard Book Number 9780314029355 (soft)
040 ## - CATALOGING SOURCE
Original cataloging agency DLC
Transcribing agency DLC
Modifying agency DLC
042 ## - AUTHENTICATION CODE
Authentication code lcac
043 ## - GEOGRAPHIC AREA CODE
Geographic area code n-us---
050 00 - LIBRARY OF CONGRESS CALL NUMBER
Classification number KF387
Item number .A73 1994
082 00 - DEWEY DECIMAL CLASSIFICATION NUMBER
Classification number 347.3
-- 347.3
Edition information 20
092 ## - LOCALLY ASSIGNED DEWEY CALL NUMBER (OCLC)
Classification number 349.73 Str 1994
001 - CONTROL NUMBER
control field data
100 1# - MAIN ENTRY--PERSONAL NAME
Personal name Arbetman, Lee.
245 10 - TITLE STATEMENT
Title Street law :
Remainder of title a course in practical law /
Statement of responsibility, etc. Lee Arbetman, Edward McMahon & Edward L. O'Brien.
250 ## - EDITION STATEMENT
Edition statement 5th ed.
260 ## - PUBLICATION, DISTRIBUTION, ETC.
Place of publication, distribution, etc. Minneapolis/St. Paul :
Name of publisher, distributor, etc. West Pub. Co.,
Date of publication, distribution, etc. c1994.
300 ## - PHYSICAL DESCRIPTION
Extent xix, 647 p. :
Other physical details col. ill. ;
Dimensions 26 cm. +
Accompanying material teacher's manual.
500 ## - GENERAL NOTE
General note Accompanied by: Test bank (x, 356 p.).
500 ## - GENERAL NOTE
General note Includes index.
650 #0 - SUBJECT ADDED ENTRY--TOPICAL TERM
Topical term or geographic name entry element Law
Geographic subdivision United States
General subdivision Popular works.
650 #1 - SUBJECT ADDED ENTRY--TOPICAL TERM
Topical term or geographic name entry element Law.
650 #1 - SUBJECT ADDED ENTRY--TOPICAL TERM
Topical term or geographic name entry element Life skills.
650 #1 - SUBJECT ADDED ENTRY--TOPICAL TERM
Topical term or geographic name entry element Consumer education.
700 1# - ADDED ENTRY--PERSONAL NAME
Personal name McMahon, Edward,
Dates associated with a name 1947-
700 1# - ADDED ENTRY--PERSONAL NAME
Personal name O'Brien, Edward L.
906 ## - LOCAL DATA ELEMENT F, LDF (RLIN)
a 7
b cbc
c orignew
d 1
e ocip
f 19
g y-gencatlg
991 ## -
-- c-LL
-- KF387
-- .A73 1994
-- Copy 1
-- BOOKS
991 ## -
-- r-MRR
-- KF387
-- .A73 1994
-- x copy
-- Alc
-- GenBib bi 95-001145
Holdings
Withdrawn status Lost status Damaged status Not for loan Home library Current library Shelving location Date acquired Total checkouts Full call number Barcode Date last seen Price effective from Koha item type
        Liberty Liberty General stacks 22/03/2026   349.73 347.3 20 BC0011169 22/03/2026 22/03/2026 Books